1842 1137 1484 1793 1498 1118 1252 1424 1974 1420 1930 1765 1505 1682 1416 1137 1861 1732 1968 1432 1212 1110 1235 1450 1926 1752 1935 1074 1186 1333 1835 1861 1746 1039 1116 1177 1022 1793 1822 1465 1112 1604 1735 1486 1435 1524 1289 1966 1976 1748 1476 1420 1213 1755 1455 1784 1437 1615 1066 1092 1921 1772 1000 1245 1742 1068 1918 1715 1701 1166 1690 1725 1337 1299 1440 1905 1007 1571 1413 1985 1808 1372 1542 1857 1557 1399 1973 1373 1463 1712 1064 1264 1292 1080 1651 1860 1118 1184 1318 BCNSPRNW ULIB Ver.6.0+V

เปลี่ยนเป็นภาษาไทย

Change to English
 แสดงรายละเอียดบรรณานุกรม
  กลับหน้าหลัก

Brief Record : Get Marc (ISO 2709) : E-mail record : QR code < ปิดหน้าต่าง
LEADER : 00000nam 2200000uu 4500
001    13399120861
003     ULIB
008    121019s2551||||th 000 0 tha d
020    ^a9789742242336
090    ^aนว.^bญ115ส
100    ^aญดา
245    ^aสัญญา....หัวใจ /^cญดา
260    ^aกรุงเทพฯ :^bธุรดา,^c2551
300    ^a270 หน้า
945    ^p189^l0^i15316
999    ^aทศพร เกษรทอง
รายการนี้ยังไม่มีแท็ก
คุณยังไม่ได้ล็อกอิน คุณสามารถมีกิจกรรมร่วมกับเว็บไซต์ได้ แต่ต้องล็อกอินก่อน ::
  ล็อกอิน

รายการสื่อสารสนเทศ

ลำดับที่ ประเภท เลขเรียก/บาร์โค้ด สถานที่ สถานะ
1. นวนิยาย
นวนิยาย
นว. ญ115ส  
  Barcode: 15316
ห้องสมุดวิทยาเขตสวรรค์ประชารักษ์
►นวนิยาย
บนชั้น
  ขอยืม

รายการใกล้เคียง
    ผู้แต่ง [ญดา]

BibComment


ยังไม่เคยถูกคอมเมนท์

คอมเมนท์ทรัพยากรรายการนี้
  คอมเมนท์: สัญญาหัวใจ ญดา


 Copyright 2026. Bcnsprnw @Library